000 01257nam a22002297i 4500
999 _c22907
_d22907
003 AR-CdUCM
008 240521b20222022 pe||||| |||| 00| 0 spa d
020 _a978-612-49070-9-8
040 _aMUNICIPALIDAD PROVINCIAL DEL CUSCO
_cBIBLIOTECA MUNICIPAL DEL CUSCO
082 _a984.04 / A7
_bA7
100 _aGómez Zanabria, Gonzalo J.
_949891
245 _aArequipa y el Bicentenario :
_bEl proceso de la independencia, conmemoración y espacios públicos /
260 _aLima :
_bMinisterio de Cultura del Perú,
_bProyecto Especial Bicentenario de la Independencia del Perú,
_c2022
300 _a567 páginas. :
_c20 cm.
505 _aLa sociedad arequipeña en el siglo XVIII -- La consolidación de la familia de la oligarquía arequipeña: Los Goyeneche -- Las razones detrás (de la ausencia) del bandolerismo. El caso de la intendencia de Arequipa a fines del virreinato -- El proceso de la independencia de Arequipa -- Conmemoración y espacios públicos
650 _aLa sociedad arequipeña en el siglo XVIII
_949892
650 _aEl proceso de la independencia de Arequipa
_949893
650 _aConmemoración y espacios públicos
_949894
856 _fwww.bicentenario.gob.pe/biblioteca
942 _2ddc
_cLIBROS
945 _apbj
_d2024-05-21